Geological Evolution of the Ganges-Brahmaputra Delta During the Holocene Time and Hazard Assessment and Zonation Along the Deltaic Coastal Plain, Bangladesh / (Record no. 80736)
[ view plain ]
| 000 -LEADER | |
|---|---|
| fixed length control field | 00996nam a2200241 a 4500 |
| 001 - CONTROL NUMBER | |
| RUCL Control Number | 80736 |
| 003 - CONTROL NUMBER IDENTIFIER | |
| rucl marc code | BD-RjUL |
| 005 - DATE AND TIME OF LATEST TRANSACTION | |
| control field | 20260507100701.0 |
| 008 - FIXED-LENGTH DATA ELEMENTS--GENERAL INFORMATION | |
| fixed length control field | 221109s2006 bg ab||| m||| 00| 0 eng d |
| 035 ## - SYSTEM CONTROL NUMBER | |
| system control number | (BD-RjUL)80736 |
| 040 ## - CATALOGING SOURCE | |
| Original cataloging agency | BD-RjUL |
| Language of cataloging | eng |
| Transcribing agency | BD-RjUL |
| Modifying agency | BD-RjUL |
| 041 ## - LANGUAGE CODE | |
| Language code of Book | eng |
| 082 ## - DEWEY DECIMAL CLASSIFICATION NUMBER | |
| DDC Edition number | 23 |
| Classification number | 551.456 |
| Author mark and Year | KHG 2006 |
| 100 ## - MAIN ENTRY--PERSONAL NAME | |
| Personal name | KHAN, SIRAJUR RAHMAN |
| 9 (RLIN) | 5768 |
| 245 10 - TITLE STATEMENT | |
| Title | Geological Evolution of the Ganges-Brahmaputra Delta During the Holocene Time and Hazard Assessment and Zonation Along the Deltaic Coastal Plain, Bangladesh / |
| Statement of responsibility, etc | SIRAJUR RAHMAN KHAN |
| Name of Supervisor/Co-Supervisor | Guide : Md. Badrul Islam |
| 260 ## - PUBLICATION, DISTRIBUTION, ETC. (IMPRINT) | |
| Place of publication, distribution, etc | Rajshahi : |
| Name of publisher, distributor, etc | Department of Geology and Mining, University of Rajshahi, |
| Date of publication, distribution, etc | 2006 |
| 300 ## - PHYSICAL DESCRIPTION | |
| Pagination | [5], x, [1], 146 leaves : |
| Other physical details | ill. ; |
| Dimensions | 29 cm. |
| 502 ## - DISSERTATION NOTE | |
| Dissertation note | Thesis (Ph.D.)-- Department of Geology and Mining,University of Rajshahi, 2006 |
| 504 ## - BIBLIOGRAPHY, ETC. NOTE | |
| Bibliography, etc | References : Leaves 140-146 |
| 650 ## - SUBJECT ADDED ENTRY--TOPICAL TERM | |
| Topical term or geographic name as entry element | Deltas |
| General subdivision | Coastal Plain |
| Geographic subdivision | Bangladesh |
| 9 (RLIN) | 5769 |
| 700 ## - ADDED ENTRY--SUPERVISOR/CO-SUPERVISOR NAME | |
| Personal name | Islam, Md. Badrul, Guide |
| 9 (RLIN) | 5770 |
| 942 ## - ADDED ENTRY ELEMENTS (KOHA) | |
| Source of classification or shelving scheme | Dewey Decimal Classification |
| Koha item type | Theses |
| Source of classification or shelving scheme | Damaged status | Not for loan | Collection code | Permanent Location | Current Location | Shelving location | Date of accession | Source of acquisition | Total Checkouts | Full call number | Barcode | Date last seen | Copy number | Thesis |
|---|---|---|---|---|---|---|---|---|---|---|---|---|---|---|
| Dewey Decimal Classification | Not For Loan | Theses | Central Library, University of Rajshahi | Central Library, University of Rajshahi | Documentation Section | 18/11/2007 | Controller of Exam. R.U. | THE 551.456 KHG 2006 | D2660 | 09/11/2022 | C-1 | Theses |